[Event "Quebec op"]
[Site "Montreal CAN"]
[Date "2012.07.27"]
[Round "8"]
[White "Boudreau, Daniel"]
[Black "De Lagrave, Sylvain"]
[Result "0-1"]
[WhiteElo "1956"]
[BlackElo "1970"]
[PlyCount "96"]
[GameId "2160767909442170"]
[EventDate "2012.07.21"]
[EventType "swiss"]
[EventRounds "9"]
[EventCountry "CAN"]
[SourceTitle "hb 2012"]

1. e4 c5 2. Nf3 d6 3. Bb5+ Nd7 4. O-O Ngf6 5. Qe2 a6 6. Bxd7+ Bxd7 7. b3 g6 8. e5 dxe5 9. Nxe5 Bg7 10. Bb2 O-O 11. Nxd7 Qxd7 12. d3 Rfe8 13. Nd2 Nd5 14. Bxg7 Kxg7 15. f4 Nf6 16. Kh1 Qd5 17. Rae1 Rad8 18. Rf3 Qh5 19. Qe5 Qxe5 20. fxe5 Nd5 21. Ne4 h6 22. Ref1 f5 23. Nxc5 Rc8 24. Ne6+ Kf7 25. Nd4 Nb4 26. R1f2 Nxa2 27. g4 e6 28. c4 Nb4 29. Nc2 Nxc2 30. Rxc2 Red8 31. Kg2 Rd4 32. h3 Rcd8 33. Rc3 Ke7 34. Rg3 f4 35. Rf3 g5 36. Kf2 a5 37. h4 h5 38. Rh3 hxg4 39. Rh1 Rxd3 40. Rxd3 Rxd3 41. hxg5 Rxb3 42. Rh7+ Kf8 43. g6 Rb2+ 44. Kg1 f3 45. Rf7+ Kg8 46. Rf4 a4 47. Rxg4 Rg2+ 48. Rxg2 fxg2 0-1

[Event "Quebec op"]
[Site "Montreal CAN"]
[Date "2012.07.27"]
[Round "8"]
[White "Bruzon Batista, Lazaro"]
[Black "Oliva Castaneda, Kevel"]
[Result "1-0"]
[WhiteElo "2711"]
[BlackElo "2320"]
[PlyCount "83"]
[GameId "2160767909442171"]
[EventDate "2012.07.21"]
[EventType "swiss"]
[EventRounds "9"]
[EventCountry "CAN"]
[SourceTitle "CBM 149 Extra"]
[Source "ChessBase"]
[SourceDate "2012.08.24"]
[SourceVersion "1"]
[SourceVersionDate "2012.08.24"]
[SourceQuality "1"]

1. d4 Nf6 2. g3 g6 3. Bg2 Bg7 4. e4 d6 5. Ne2 O-O 6. Nbc3 c6 7. O-O e5 8. a4 Nbd7 9. h3 Re8 10. a5 Qc7 11. d5 b5 12. g4 h6 13. Be3 a6 14. dxc6 Qxc6 15. Qd2 h5 16. g5 Nh7 17. Rfd1 Bf8 18. Nd5 Nc5 19. b4 Ne6 20. h4 Bb7 21. Ra3 Red8 22. Rd3 Qe8 23. f4 exf4 24. Nexf4 Rac8 25. Nb6 Rb8 26. Nfd5 Bg7 27. Qf2 Be5 28. Rf1 Bc6 29. Bd2 Rb7 30. Kh1 Qf8 31. Bc3 Qe8 32. Qd2 Rbb8 33. Bxe5 dxe5 34. Qc3 Bxd5 35. exd5 Nf4 36. Re3 Nxg2 37. Rxe5 Qf8 38. Kxg2 Qd6 39. Rfe1 Nf8 40. Re7 Qf4 41. Qf3 Qxf3+ 42. Kxf3 1-0

[Event "Quebec op"]
[Site "Montreal CAN"]
[Date "2012.07.27"]
[Round "8"]
[White "Calugar, Arthur"]
[Black "Humphreys, Michael"]
[Result "1-0"]
[WhiteElo "2273"]
[BlackElo "2179"]
[PlyCount "83"]
[GameId "2160767909442172"]
[EventDate "2012.07.21"]
[EventType "swiss"]
[EventRounds "9"]
[EventCountry "CAN"]
[SourceTitle "CBM 149 Extra"]
[Source "ChessBase"]
[SourceDate "2012.08.24"]
[SourceVersion "1"]
[SourceVersionDate "2012.08.24"]
[SourceQuality "1"]

1. b3 e5 2. Bb2 Nc6 3. e3 d5 4. Bb5 Bd6 5. Nf3 f6 6. c4 a6 7. Ba4 dxc4 8. bxc4 Be6 9. Qe2 Kf7 10. d4 Bb4+ 11. Nbd2 exd4 12. exd4 Bxd2+ 13. Kxd2 b5 14. cxb5 Na5 15. Rac1 Qd6 16. Rc5 Ne7 17. bxa6 Rhb8 18. Ba3 Nc4+ 19. Rxc4 Qxa3 20. Bb3 Rxa6 21. Rhc1 Qa5+ 22. Kd1 Rab6 23. Rc5 Bxb3+ 24. axb3 Qb4 25. Qc4+ Qxc4 26. bxc4 c6 27. Ra5 Rb2 28. Rc2 R8b4 29. Nd2 Rb8 30. Rxb2 Rxb2 31. Kc1 Rb7 32. Kc2 Ng6 33. Ra6 Ne7 34. Kc3 Rd7 35. Nb3 h5 36. Na5 Rc7 37. Kb4 c5+ 38. dxc5 Nf5 39. Kb5 Re7 40. c6 Nd4+ 41. Kc5 Ne6+ 42. Kb6 1-0

[Event "Quebec op"]
[Site "Montreal CAN"]
[Date "2012.07.27"]
[Round "8"]
[White "Carrier, Claude"]
[Black "Tessier, Olivier"]
[Result "1/2-1/2"]
[WhiteElo "2197"]
[BlackElo "2194"]
[PlyCount "115"]
[GameId "2160767909442173"]
[EventDate "2012.07.21"]
[EventType "swiss"]
[EventRounds "9"]
[EventCountry "CAN"]
[SourceTitle "EXT 2022"]
[Source "ChessBase"]
[SourceDate "2021.10.06"]
[SourceVersion "1"]
[SourceVersionDate "2021.10.06"]
[SourceQuality "1"]

1. e4 c5 2. Nf3 Nf6 3. Nc3 e6 4. d4 cxd4 5. Nxd4 Bb4 6. e5 Nd5 7. Bd2 Nxc3 8. bxc3 Bc5 9. Qg4 g6 10. Bd3 Nc6 11. Nxc6 dxc6 12. O-O Qc7 13. Qg3 h5 14. Rfd1 h4 15. Qf4 Rh5 16. Re1 b6 17. Be4 Bb7 18. Bf3 Rh7 19. Qa4 b5 20. Qb3 Bb6 21. Bg5 h3 22. a4 hxg2 23. axb5 cxb5 24. Qxb5+ Kf8 25. Qb4+ Kg8 26. Bxb7 Qxb7 27. Qe4 Qxe4 28. Rxe4 Rc8 29. c4 f5 30. exf6 Rc5 31. Bh4 Rf5 32. Kxg2 Kf7 33. f3 g5 34. Bg3 Kxf6 35. Rae1 Re7 36. Bd6 Re8 37. Be5+ Kf7 38. Rd1 Rd8 39. Rxd8 Bxd8 40. c5 Bf6 41. Bxf6 Kxf6 42. Rc4 Ke5 43. c6 Rf8 44. Rc5+ Kd6 45. Rxg5 Kxc6 46. Ra5 Rg8+ 47. Kf2 Rg7 48. h4 Kd6 49. h5 Rc7 50. Kg3 Rxc2 51. Rxa7 Ke5 52. h6 Kf6 53. h7 Rc8 54. Ra4 Rh8 55. Rh4 Kg5 56. Rh2 Kf5 57. Kf2 Kg6 58. Ke3 1/2-1/2

[Event "Quebec op"]
[Site "Montreal CAN"]
[Date "2012.07.27"]
[Round "8"]
[White "Chiku-Ratte, Olivier-Kenta"]
[Black "Gauthier, Denis"]
[Result "1-0"]
[WhiteElo "2196"]
[BlackElo "1987"]
[PlyCount "56"]
[GameId "2160767909442174"]
[EventDate "2012.07.21"]
[EventType "swiss"]
[EventRounds "9"]
[EventCountry "CAN"]
[SourceTitle "hb 2012"]

1. d4 Nf6 2. c4 e6 3. Nc3 Bb4 4. e3 O-O 5. Bd3 c5 6. Nf3 d5 7. O-O Bxc3 8. bxc3 dxc4 9. Bxc4 Nbd7 10. Bd3 b6 11. Qe2 Bb7 12. e4 Qc7 13. e5 Bxf3 14. Qxf3 Nd5 15. Qe4 g6 16. Bd2 c4 17. Bc2 b5 18. Qh4 f5 19. exf6 N7xf6 20. Rfe1 Rae8 21. Rab1 a6 22. Qg5 Qf7 23. Re2 Nh5 24. f3 Ng7 25. Rbe1 Qf6 26. Qg4 Rf7 27. Bg5 h5 28. Qh3 Nf5 1-0

[Event "Quebec op"]
[Site "Montreal CAN"]
[Date "2012.07.27"]
[Round "8"]
[White "Enkh-Amar, Galbadrakh"]
[Black "Malveau, Cedric"]
[Result "1-0"]
[WhiteElo "2105"]
[BlackElo "1951"]
[PlyCount "115"]
[GameId "2160767909442175"]
[EventDate "2012.07.21"]
[EventType "swiss"]
[EventRounds "9"]
[EventCountry "CAN"]
[SourceTitle "EXT 2022"]
[Source "ChessBase"]
[SourceDate "2021.10.06"]
[SourceVersion "1"]
[SourceVersionDate "2021.10.06"]
[SourceQuality "1"]

1. Nf3 d5 2. g3 Nf6 3. Bg2 e6 4. c4 Be7 5. O-O O-O 6. b3 c5 7. cxd5 Nxd5 8. Bb2 Nc6 9. Nc3 Bf6 10. Rc1 b6 11. Qc2 Bb7 12. Rfd1 Rc8 13. Qb1 Nxc3 14. Bxc3 Bxc3 15. dxc3 Qe7 16. h4 g6 17. Qd3 Rfd8 18. Qe3 Rxd1+ 19. Rxd1 Rd8 20. Rxd8+ Qxd8 21. h5 Qf6 22. h6 e5 23. Nd2 Qe7 24. Nc4 f6 25. Bd5+ Kf8 26. Qf3 Na5 27. Bxb7 Nxb7 28. Nxe5 Qxe5 29. Qxb7 Qe7 30. Qxe7+ Kxe7 31. e4 g5 32. f4 gxf4 33. gxf4 f5 34. e5 Kf7 35. Kf2 Kg6 36. Kg3 Kxh6 37. Kh4 b5 38. c4 b4 39. e6 Kg6 40. e7 Kf7 41. Kh5 Kxe7 42. Kh6 Kf6 43. Kxh7 Kf7 44. Kh6 Kf6 45. Kh5 a5 46. Kh6 a4 47. bxa4 Ke6 48. Kg6 Kd6 49. Kxf5 Kc6 50. Ke5 Kb6 51. f5 Ka5 52. f6 Kxa4 53. f7 Ka3 54. f8=Q Kxa2 55. Qxc5 b3 56. Qa5+ Kb1 57. c5 b2 58. c6 1-0

[Event "Quebec op"]
[Site "Montreal CAN"]
[Date "2012.07.27"]
[Round "8"]
[White "Fradet, Charles-William"]
[Black "Munshi, Shawkat"]
[Result "1/2-1/2"]
[WhiteElo "1658"]
[BlackElo "1678"]
[PlyCount "69"]
[GameId "2160767909442176"]
[EventDate "2012.07.21"]
[EventType "swiss"]
[EventRounds "9"]
[EventCountry "CAN"]
[SourceTitle "hb 2012"]

1. c4 e6 2. g3 Nf6 3. Nc3 Be7 4. Bg2 O-O 5. e4 d6 6. Nge2 c5 7. d4 cxd4 8. Nxd4 a6 9. O-O Qc7 10. Be3 Qxc4 11. Rc1 Qb4 12. Nb3 d5 13. e5 Ne4 14. Nxd5 exd5 15. Qxd5 Nxg3 16. fxg3 Nc6 17. Rf4 Qb5 18. Qxb5 axb5 19. Bxc6 bxc6 20. Rf2 Rxa2 21. Bc5 Bxc5 22. Nxc5 Rd8 23. Rcc2 Ra7 24. Ne4 Be6 25. Nc5 Bc4 26. Rc1 g6 27. Ne4 Kg7 28. Nd6 Bd5 29. h4 h5 30. Rf4 Rda8 31. e6 Bxe6 32. Rxc6 Rd8 33. Rb6 Ra1+ 34. Kf2 Rc1 35. Rxb5 1/2-1/2

[Event "Quebec op"]
[Site "Montreal CAN"]
[Date "2012.07.27"]
[Round "8"]
[White "Gedajlovic, Max"]
[Black "Forget, Luc"]
[Result "1/2-1/2"]
[WhiteElo "1817"]
[BlackElo "2000"]
[PlyCount "106"]
[GameId "2160767909442177"]
[EventDate "2012.07.21"]
[EventType "swiss"]
[EventRounds "9"]
[EventCountry "CAN"]
[SourceTitle "EXT 2022"]
[Source "ChessBase"]
[SourceDate "2021.10.06"]
[SourceVersion "1"]
[SourceVersionDate "2021.10.06"]
[SourceQuality "1"]

1. d4 Nf6 2. c4 e6 3. Nc3 Bb4 4. Qc2 c5 5. Nf3 Na6 6. Bg5 h6 7. Bd2 O-O 8. a3 Ba5 9. dxc5 Bxc3 10. Bxc3 Nxc5 11. e3 b6 12. Be2 Bb7 13. O-O d6 14. b4 Nce4 15. Rfd1 Nxc3 16. Qxc3 Rc8 17. Qb2 Qe7 18. Rac1 Rfd8 19. Rc2 Ne4 20. Nd2 Nxd2 21. Rcxd2 Qg5 22. g3 Qe7 23. Rd4 e5 24. R4d2 Qe6 25. f3 d5 26. cxd5 Rxd5 27. e4 Rxd2 28. Qxd2 Qb3 29. Rc1 Kh7 30. Rxc8 Bxc8 31. Qd3 Be6 32. Qxb3 Bxb3 33. Kf2 Kg6 34. Ke3 Kf6 35. Kd3 Ke7 36. Kc3 Be6 37. Bc4 Bh3 38. Be2 Kd6 39. Kd3 f5 40. exf5 Bxf5+ 41. Kc4 g5 42. h4 Bc8 43. Bd3 Ba6+ 44. b5 Bc8 45. hxg5 hxg5 46. g4 a5 47. bxa6 Bxa6+ 48. Kc3 Bb7 49. Be2 Kc5 50. Bd1 e4 51. fxe4 Bxe4 52. Be2 Bc6 53. Bd1 Be4 1/2-1/2

[Event "Quebec op"]
[Site "Montreal CAN"]
[Date "2012.07.27"]
[Round "8"]
[White "Gelet, Seymour"]
[Black "Robidas, Francois"]
[Result "1-0"]
[WhiteElo "2009"]
[BlackElo "1994"]
[PlyCount "97"]
[GameId "2160767909442178"]
[EventDate "2012.07.21"]
[EventType "swiss"]
[EventRounds "9"]
[EventCountry "CAN"]
[SourceTitle "hb 2012"]

1. d4 Nf6 2. c4 g6 3. Nc3 d5 4. cxd5 Nxd5 5. e4 Nxc3 6. bxc3 Bg7 7. Bc4 c5 8. Ne2 O-O 9. O-O Nc6 10. Be3 cxd4 11. cxd4 Na5 12. Bd3 Bg4 13. f3 Be6 14. Qa4 a6 15. Rfc1 Nc6 16. Kh1 b5 17. Qa3 Nxd4 18. Rd1 Nxe2 19. Bxe2 Bxa1 20. Rxd8 Rfxd8 21. h4 Bf6 22. h5 Rdc8 23. Bc5 Rc7 24. Bxb5 Rxc5 25. Qxc5 axb5 26. Qxb5 Rxa2 27. h6 Ra8 28. f4 Rc8 29. Kh2 Kf8 30. Kg1 Bc3 31. f5 Bc4 32. Qd7 Re8 33. Qc7 Bd4+ 34. Kh1 Ba6 35. Qc6 Bc8 36. g4 Be3 37. Qc3 f6 38. Qxe3 g5 39. Qb6 Bd7 40. Qc7 Bb5 41. e5 Be2 42. exf6 Bxg4 43. f7 Ra8 44. Qe5 Bf3+ 45. Kg1 Kxf7 46. Qg7+ Ke8 47. Qxh7 g4 48. Qg8+ Kd7 49. Qxa8 1-0

[Event "Quebec op"]
[Site "Montreal CAN"]
[Date "2012.07.27"]
[Round "8"]
[White "Gerzhoy, Leonid"]
[Black "So, Wesley"]
[Result "0-1"]
[WhiteElo "2459"]
[BlackElo "2650"]
[PlyCount "82"]
[GameId "2160767909442179"]
[EventDate "2012.07.21"]
[EventType "swiss"]
[EventRounds "9"]
[EventCountry "CAN"]
[SourceTitle "CBM 149 Extra"]
[Source "ChessBase"]
[SourceDate "2012.08.24"]
[SourceVersion "1"]
[SourceVersionDate "2012.08.24"]
[SourceQuality "1"]

1. d4 Nf6 2. c4 g6 3. Nc3 d5 4. cxd5 Nxd5 5. e4 Nxc3 6. bxc3 Bg7 7. Nf3 c5 8. Bb5+ Nc6 9. O-O O-O 10. d5 Bxc3 11. Bh6 Nd4 12. Nxd4 Bxd4 13. Bxf8 Qxf8 14. Rb1 a6 15. Be2 b5 16. Kh1 e5 17. dxe6 Bxe6 18. Qc2 c4 19. f4 f6 20. e5 Qc5 21. Bf3 Re8 22. Rbd1 f5 23. Qd2 Be3 24. Qa5 Bxf4 25. Qxa6 Qxe5 26. Bc6 Re7 27. Rfe1 Be3 28. Qxb5 Qxb5 29. Bxb5 f4 30. Rd6 Kf8 31. Rc6 Bd7 32. Rf6+ Kg7 33. Rb6 Bxb5 34. Rxb5 c3 35. Re2 Rd7 36. h4 Rd2 37. Rxd2 cxd2 38. Rd5 Kf6 39. g3 Ke6 40. Rd8 Ke5 41. gxf4+ Ke4 0-1

[Event "Quebec op"]
[Site "Montreal CAN"]
[Date "2012.07.27"]
[Round "8"]
[White "Gilbert, Erick"]
[Black "O'Neill, Brendon"]
[Result "1-0"]
[WhiteElo "1808"]
[BlackElo "1496"]
[PlyCount "95"]
[GameId "2160767909442180"]
[EventDate "2012.07.21"]
[EventType "swiss"]
[EventRounds "9"]
[EventCountry "CAN"]
[SourceTitle "hb 2012"]

1. Nf3 d5 2. d4 Nf6 3. e3 Bg4 4. h3 Bh5 5. c3 Nbd7 6. Nbd2 e6 7. Qa4 Be7 8. Bd3 O-O 9. O-O c5 10. Qc2 Rc8 11. Re1 cxd4 12. exd4 Qc7 13. Ne5 Nxe5 14. dxe5 Nd7 15. Bxh7+ Kh8 16. g4 g6 17. gxh5 Kxh7 18. Nf3 Rg8 19. Kh1 Qb6 20. Rg1 d4 21. Qd2 g5 22. cxd4 Qc6 23. Rg3 Nb6 24. Kh2 Qc2 25. Qxc2+ Rxc2 26. Kg2 Nd5 27. Bxg5 Bxg5 28. Nxg5+ Kg7 29. Nxe6+ Kh8 30. Ng5 Nf4+ 31. Kf3 Nxh5 32. Nxf7+ Kh7 33. Rxg8 Kxg8 34. Nh6+ Kg7 35. Nf5+ Kg6 36. Ng3 Ng7 37. Rb1 Ne6 38. Ke3 Ng5 39. h4 Nh3 40. f4 Nf2 41. f5+ Kf7 42. Ne4 Ng4+ 43. Kf4 Nh6 44. d5 Ng8 45. d6 b6 46. Rd1 Ke8 47. Rd2 Rc4 48. b3 1-0

[Event "Quebec op"]
[Site "Montreal CAN"]
[Date "2012.07.27"]
[Round "8"]
[White "Goldner, John"]
[Black "Trahan, Daniel"]
[Result "1-0"]
[WhiteElo "1667"]
[BlackElo "2095"]
[PlyCount "35"]
[GameId "2160767909442181"]
[EventDate "2012.07.21"]
[EventType "swiss"]
[EventRounds "9"]
[EventCountry "CAN"]
[SourceTitle "hb 2012"]

1. e4 c6 2. Nf3 d5 3. Nc3 d4 4. Ne2 c5 5. c3 Bg4 6. cxd4 Bxf3 7. gxf3 cxd4 8. Qa4+ Nc6 9. f4 e6 10. Bg2 Qd7 11. e5 Rd8 12. Bxc6 bxc6 13. d3 Bc5 14. Bd2 Ne7 15. Ng3 Bb6 16. Ne4 Qd5 17. Rg1 O-O 18. Nf6+ 1-0

[Event "Quebec op"]
[Site "Montreal CAN"]
[Date "2012.07.27"]
[Round "8"]
[White "Hebert, Jean"]
[Black "Casareno, Erwin"]
[Result "1-0"]
[WhiteElo "2436"]
[BlackElo "2246"]
[PlyCount "101"]
[GameId "2160767909442182"]
[EventDate "2012.07.21"]
[EventType "swiss"]
[EventRounds "9"]
[EventCountry "CAN"]
[SourceTitle "hb 2012"]

1. Nf3 c5 2. c4 Nc6 3. d4 cxd4 4. Nxd4 Nf6 5. Nc3 g6 6. e4 d6 7. Be2 Bg7 8. Be3 O-O 9. f3 Qa5 10. Nb3 Qc7 11. Rc1 Be6 12. Nd5 Qb8 13. O-O b6 14. Qd2 Re8 15. Bg5 Nd7 16. Bh6 Qd8 17. Bxg7 Kxg7 18. f4 Nc5 19. Qe3 Nxb3 20. axb3 Bxd5 21. cxd5 Nb8 22. Bb5 Rf8 23. Bc6 Nxc6 24. dxc6 Qc7 25. f5 f6 26. h4 b5 27. Qd3 Qb6+ 28. Kh2 Rac8 29. Qd5 Rc7 30. Rf3 Rg8 31. Rg3 Kf8 32. Rc2 a6 33. b4 Rg7 34. Ra3 g5 35. Qa2 Rf7 36. h5 h6 37. Rxa6 Qe3 38. Qe6 Qf4+ 39. g3 Qf3 40. Qd5 Qxh5+ 41. Kg2 g4 42. Ra3 Kg7 43. Qxb5 e6 44. Qe2 exf5 45. b5 Ra7 46. Qe3 Rxa3 47. bxa3 Re7 48. c7 Rxe4 49. Qxe4 Qh3+ 50. Kg1 fxe4 51. Rg2 1-0

[Event "Quebec op"]
[Site "Montreal CAN"]
[Date "2012.07.27"]
[Round "8"]
[White "Jiang, Louie"]
[Black "Kraiouchkine, Nikita"]
[Result "1/2-1/2"]
[WhiteElo "2337"]
[BlackElo "2204"]
[PlyCount "71"]
[GameId "2160767909442183"]
[EventDate "2012.07.21"]
[EventType "swiss"]
[EventRounds "9"]
[EventCountry "CAN"]
[SourceTitle "CBM 149 Extra"]
[Source "ChessBase"]
[SourceDate "2012.08.24"]
[SourceVersion "1"]
[SourceVersionDate "2012.08.24"]
[SourceQuality "1"]

1. e4 e5 2. Nf3 Nc6 3. Bc4 Nf6 4. d3 Be7 5. O-O O-O 6. Re1 d6 7. a4 h6 8. a5 Re8 9. c3 Bf8 10. Nbd2 Be6 11. h3 Bxc4 12. Nxc4 d5 13. Ncd2 Qd6 14. Qb3 Qc5 15. Qa4 Rad8 16. Nb3 Qd6 17. Be3 Qe6 18. Bc5 dxe4 19. dxe4 b6 20. axb6 axb6 21. Bxf8 Rxf8 22. Nbd2 Nh5 23. g3 Rd3 24. Kh2 Qf6 25. Kg2 Qg6 26. Kh2 Qf6 27. Kg2 Qg6 28. Kf1 Nxg3+ 29. fxg3 Qxg3 30. Qxc6 Rxf3+ 31. Nxf3 Qxf3+ 32. Kg1 Qg3+ 33. Kf1 Qf3+ 34. Kg1 Qg3+ 35. Kf1 Qf3+ 36. Kg1 1/2-1/2

[Event "Quebec op"]
[Site "Montreal CAN"]
[Date "2012.07.27"]
[Round "8"]
[White "Kleinman, Michael"]
[Black "Arencibia Rodriguez, Walter"]
[Result "0-1"]
[WhiteElo "2293"]
[BlackElo "2526"]
[PlyCount "189"]
[GameId "2160767909442184"]
[EventDate "2012.07.21"]
[EventType "swiss"]
[EventRounds "9"]
[EventCountry "CAN"]
[SourceTitle "CBM 149 Extra"]
[Source "ChessBase"]
[SourceDate "2012.08.24"]
[SourceVersion "1"]
[SourceVersionDate "2012.08.24"]
[SourceQuality "1"]

1. e4 e5 2. Nf3 Nc6 3. Bb5 Nf6 4. O-O Nxe4 5. Re1 Nd6 6. Nxe5 Be7 7. Bf1 Nxe5 8. Rxe5 O-O 9. Nc3 Bf6 10. Re1 c6 11. d4 Re8 12. Bf4 Rxe1 13. Qxe1 Nf5 14. Ne4 Be7 15. d5 d6 16. Bd3 Bd7 17. a4 Rc8 18. a5 cxd5 19. Nc3 Rc5 20. Bxf5 Bxf5 21. a6 bxa6 22. Be3 Ra5 23. Rc1 d4 24. Bxd4 Bg5 25. Ra1 Bd2 26. Qf1 Bxc2 27. Rxa5 Qxa5 28. g3 Bxc3 29. Qe2 h6 30. Bxc3 Qa4 31. f3 Bf5 32. Kg2 h5 33. Qd2 Qb5 34. Kf2 d5 35. Qg5 Bg6 36. Qe5 f6 37. Qd4 Bf5 38. Qb4 Qd7 39. Qh4 Bd3 40. Ke3 Bb5 41. Qd4 Qe6+ 42. Kd2 Qe2+ 43. Kc1 Qxf3 44. Qd1 Be2 45. Qd2 Qh1+ 46. Kc2 Bf3 47. Bd4 Be4+ 48. Kb3 Qf3+ 49. Kb4 Qf1 50. Qc3 Qh3 51. Qc6 Kh7 52. Qe8 Bg6 53. Qe7 Qf1 54. Qc7 Qb5+ 55. Ka3 a5 56. Qc5 Qd3+ 57. Bc3 Qd1 58. Qxa7 Be8 59. Qxa5 d4 60. Bd2 Bf7 61. Qf5+ Kh8 62. Qd3 Qg4 63. Kb4 Qd7 64. Qb5 Qe7+ 65. Qc5 Qb7+ 66. Qb5 Qg2 67. Qd3 Qxh2 68. Kc5 h4 69. gxh4 Qc7+ 70. Kb4 Qd6+ 71. Ka4 Be8+ 72. Kb3 Qb6+ 73. Kc2 Bb5 74. Qe4 Qc5+ 75. Kd1 Bd7 76. b4 Qc4 77. Ke1 f5 78. Qe7 Qd5 79. Qg5 Qe4+ 80. Kf2 Bb5 81. Qf4 Qe2+ 82. Kg3 Qd3+ 83. Kf2 Qf1+ 84. Kg3 Qg1+ 85. Kf3 Bd3 86. Bc1 Be4+ 87. Ke2 Qg2+ 88. Qf2 Bf3+ 89. Ke1 Qh1+ 90. Qf1 Qxh4+ 91. Kd2 Be4 92. b5 f4 93. Qg1 f3 94. Qxd4 f2 95. Qd8+ 0-1

[Event "Quebec op"]
[Site "Montreal CAN"]
[Date "2012.07.27"]
[Round "8"]
[White "Larochelle, Martial"]
[Black "Rondon, Luciano"]
[Result "1/2-1/2"]
[WhiteElo "2240"]
[BlackElo "1844"]
[PlyCount "45"]
[GameId "2160767909442185"]
[EventDate "2012.07.21"]
[EventType "swiss"]
[EventRounds "9"]
[EventCountry "CAN"]
[SourceTitle "hb 2012"]

1. c4 Nf6 2. Nf3 c6 3. g3 d5 4. Bg2 Nbd7 5. cxd5 cxd5 6. Nc3 e5 7. d3 Bd6 8. O-O O-O 9. Bg5 h6 10. Bxf6 Nxf6 11. Qb3 d4 12. Nd5 Be6 13. Nd2 Nxd5 14. Bxd5 Bxd5 15. Qxd5 Qe7 16. Ne4 Rfd8 17. Rac1 Kh8 18. Rc2 f5 19. Nxd6 Rxd6 20. Qf3 Rf8 21. Rfc1 e4 22. Qh5 Qf7 23. Qxf7 1/2-1/2

[Event "Quebec op"]
[Site "Montreal CAN"]
[Date "2012.07.27"]
[Round "8"]
[White "Le Duin, Thierry"]
[Black "Tomb, Maroun"]
[Result "0-1"]
[WhiteElo "1938"]
[BlackElo "2087"]
[PlyCount "148"]
[GameId "2160767909442186"]
[EventDate "2012.07.21"]
[EventType "swiss"]
[EventRounds "9"]
[EventCountry "CAN"]
[SourceTitle "EXT 2022"]
[Source "ChessBase"]
[SourceDate "2021.10.06"]
[SourceVersion "1"]
[SourceVersionDate "2021.10.06"]
[SourceQuality "1"]

1. d4 Nf6 2. Nf3 d6 3. Bg5 Nbd7 4. Nbd2 e5 5. e3 Be7 6. Bd3 c6 7. c3 h6 8. Bxf6 Bxf6 9. O-O O-O 10. Rc1 Re8 11. Ne4 Be7 12. Ng3 Bf8 13. Bc2 g6 14. h4 exd4 15. cxd4 Nf6 16. h5 Nxh5 17. Nxh5 gxh5 18. Qd3 Bg7 19. Qh7+ Kf8 20. g3 Bg4 21. Nh4 Qg5 22. Nf5 Bxf5 23. Qxf5 d5 24. Kg2 h4 25. g4 Bf6 26. Rce1 Re7 27. Qxg5 hxg5 28. Bf5 a5 29. b3 Rc7 30. Rc1 Ke7 31. Rc2 Kd6 32. Rfc1 b6 33. Kh3 c5 34. dxc5+ bxc5 35. Rd1 a4 36. b4 cxb4 37. Rxd5+ Kxd5 38. Rxc7 b3 39. Bb1 Be5 40. Rxf7 Rc8 41. axb3 axb3 42. Rb7 b2 43. f4 Rc1 44. Bf5 gxf4 45. exf4 Bxf4 46. g5 Rh1+ 47. Kg2 Rh2+ 48. Kg1 Be5 49. g6 h3 50. g7 Rg2+ 51. Kh1 Rh2+ 52. Kg1 Rg2+ 53. Kh1 Bxg7 54. Bxh3 Rf2 55. Bg2+ Kd4 56. Rd7+ Ke3 57. Re7+ Kd4 58. Rd7+ Kc5 59. Be4 Re2 60. Bf5 Bd4 61. Rb7 Re5 62. Bd3 Re3 63. Bf5 Re2 64. Bd3 Rd2 65. Be4 Kd6 66. Bf5 Ke5 67. Rb5+ Kf4 68. Bh7 Kg3 69. Rg5+ Kh4 70. Rb5 Kg4 71. Bf5+ Kg3 72. Rb3+ Kf4 73. Rb5 Be3 74. Bg6 Kg3 0-1

[Event "Quebec op"]
[Site "Montreal CAN"]
[Date "2012.07.27"]
[Round "8"]
[White "Lebeau, Gilbert"]
[Black "Ramaswamy, Kiran"]
[Result "1/2-1/2"]
[WhiteElo "1978"]
[BlackElo "2037"]
[PlyCount "92"]
[GameId "2160767909442187"]
[EventDate "2012.07.21"]
[EventType "swiss"]
[EventRounds "9"]
[EventCountry "CAN"]
[SourceTitle "hb 2012"]

1. d4 Nf6 2. Nf3 d5 3. Bf4 Bf5 4. e3 e6 5. Bd3 Bg6 6. c3 Bd6 7. Bg3 O-O 8. Bxg6 hxg6 9. Ne5 c5 10. Nd2 Nc6 11. f4 cxd4 12. exd4 Rc8 13. O-O b5 14. a3 a5 15. Ndf3 Ne4 16. Qe2 b4 17. axb4 axb4 18. c4 Nxg3 19. hxg3 dxc4 20. Nxg6 Re8 21. Nge5 Bxe5 22. dxe5 Nd4 23. Nxd4 Qxd4+ 24. Kh2 Red8 25. f5 exf5 26. e6 Rc6 27. Rfd1 Qb6 28. Ra6 Rxd1 29. Rxb6 Rxb6 30. exf7+ Kxf7 31. Qxd1 Ke6 32. Qe2+ Kd5 33. Qf3+ Kd6 34. Qf4+ Kd5 35. Qxf5+ Kd6 36. Qf8+ Kd5 37. Qf7+ Kc5 38. Qc7+ Kb5 39. Qe5+ Ka4 40. Qc5 Rh6+ 41. Kg1 Kb3 42. g4 c3 43. bxc3 bxc3 44. g5 Rh4 45. Kf1 Rh1+ 46. Ke2 c2 1/2-1/2

[Event "Quebec op"]
[Site "Montreal CAN"]
[Date "2012.07.27"]
[Round "8"]
[White "Lopez Linares, Lizandro"]
[Black "Yun, Chang"]
[Result "1/2-1/2"]
[WhiteElo "2096"]
[BlackElo "1988"]
[PlyCount "91"]
[GameId "2160767909442188"]
[EventDate "2012.07.21"]
[EventType "swiss"]
[EventRounds "9"]
[EventCountry "CAN"]
[SourceTitle "EXT 2022"]
[Source "ChessBase"]
[SourceDate "2021.10.06"]
[SourceVersion "1"]
[SourceVersionDate "2021.10.06"]
[SourceQuality "1"]

1. d4 d5 2. c4 e6 3. Nc3 Be7 4. Nf3 Nf6 5. Bg5 Nbd7 6. e3 O-O 7. Rc1 a6 8. cxd5 exd5 9. Bd3 c6 10. O-O Re8 11. Qc2 Nf8 12. h3 Ng6 13. Bxf6 Bxf6 14. b4 Be7 15. Rb1 Bd6 16. e4 dxe4 17. Bxe4 Be6 18. Rfe1 Qc7 19. Na4 Rad8 20. Nc5 Bc8 21. a3 a5 22. Red1 axb4 23. axb4 Qe7 24. Re1 Qc7 25. Ra1 Qb6 26. Reb1 Be6 27. Ng5 Bd5 28. Bxd5 cxd5 29. Qf5 Re7 30. g3 h6 31. Nf3 Qc7 32. Rb2 Nf8 33. Kg2 Nh7 34. Qxd5 Bxg3 35. Qxb7 Qxb7 36. Nxb7 Rxb7 37. Kxg3 Nf6 38. Ra3 Rdb8 39. Rab3 Nd5 40. b5 Nc7 41. Kf4 Rxb5 42. Rxb5 Rxb5 43. Rxb5 Nxb5 44. Ke5 Kf8 45. Nh4 g6 46. Nf3 1/2-1/2

[Event "Quebec op"]
[Site "Montreal CAN"]
[Date "2012.07.27"]
[Round "8"]
[White "Luksza, Arkadiusz"]
[Black "Gagnon, Serge"]
[Result "1-0"]
[WhiteElo "2143"]
[BlackElo "2027"]
[PlyCount "53"]
[GameId "2160767909442189"]
[EventDate "2012.07.21"]
[EventType "swiss"]
[EventRounds "9"]
[EventCountry "CAN"]
[SourceTitle "hb 2012"]

1. d4 d6 2. c4 e5 3. dxe5 dxe5 4. Qxd8+ Kxd8 5. Nc3 Be6 6. e4 Nd7 7. Nf3 f6 8. Be3 Bb4 9. Rc1 c6 10. Be2 Nh6 11. h3 Nf7 12. O-O Kc7 13. Nd5+ Bxd5 14. cxd5 Nd6 15. a3 Ba5 16. dxc6 bxc6 17. b4 Bb6 18. b5 c5 19. Nd2 Rac8 20. a4 Kb7 21. Rfd1 Rhd8 22. Bg4 Kc7 23. a5 Bxa5 24. Nb3 Rb8 25. Bxd7 Kxd7 26. Nxa5 Rxb5 27. Bxc5 1-0